000 00547nam a2200205 a 4500
001 BRCA_7037
005 20190320205702.0
008 301111s1921----gw-a######---#000-0#ger-#
041 _ager
044 _agw
050 4 _aQH331
_b.F67 1921
100 1 _aFrancé, R. H.
_d1874-1943
_q(Raoul Heinrich)
_917489
245 1 0 _aBios
_bDie Gesetze der Welt
_cRaoul H. Francé.
260 _aMúnich
_bF. Hanfstaengl
_c1921
300 _a2 v.
_bil.
_c25 cm.
500 _aL209
650 1 4 _aBiología
_xFilosofía
_917490
902 _aGFM
942 _2lcc
_cB
999 _c6718
_d6718